|
|
|
|
| LEADER |
01756nam a2200277 a 4500 |
| 001 |
GR-Patra228 |
| 008 |
991022s gr 000 0 gre d |
| 040 |
|
|
|a GrPaTEI
|b gre
|c GR-PaULI
|
| 245 |
0 |
3 |
|a Το ημερολόγιο ενός κοριτσιού.
|
| 260 |
|
|
|a Αθήνα :
|b Μπουκουμάνης,
|c c1977
|
| 300 |
|
|
|a 244σ.
|
| 490 |
1 |
|
|a Εφαρμοσμένη ψυχολογία
|
| 650 |
|
4 |
|a ΨΥΧΑΝΑΛΥΣΗ
|
| 650 |
|
4 |
|a Ψυχανάλυση
|
| 700 |
1 |
|
|a Freud, Sigmund,
|d 1856-1939
|
| 700 |
1 |
|
|a Χάτχουτ, Ρένα
|
| 710 |
0 |
|
|a Μπουκουμάνης
|
| 830 |
|
0 |
|1 00111590
|1 2001
|a Εφαρμοσμένη ψυχολογία
|
| 942 |
|
|
|2 ddc
|
| 952 |
|
|
|0 0
|1 0
|2 ddc
|4 0
|6 920_720000000000000_ΗΜΕ
|7 0
|9 280741
|a LISK
|b LISK
|c BSC
|d 2021-01-17
|e 24
|f 0
|g 0.00
|l 0
|o 920.72 ΗΜΕ
|p 9241001835
|r 2021-01-17 00:00:00
|t 1
|w 2021-01-17
|y BK15
|x 19991024 0 1
|x GrPaTEI
|
| 952 |
|
|
|0 0
|1 0
|2 ddc
|4 0
|6 920_720000000000000_ΗΜΕ
|7 0
|9 280742
|a LISK
|b LISK
|c BSC
|d 2021-01-17
|e 24
|f 0
|g 0.00
|l 0
|o 920.72 ΗΜΕ
|p 9241001836
|r 2021-01-17 00:00:00
|t 1
|w 2021-01-17
|y BK15
|x 19991024 0 1
|x GrPaTEI
|
| 952 |
|
|
|0 0
|1 0
|2 ddc
|4 0
|6 920_720000000000000_ΗΜΕ
|7 0
|9 280743
|a LISK
|b LISK
|c BSC
|d 2021-01-17
|e 24
|f 0
|g 0.00
|l 0
|o 920.72 ΗΜΕ
|p 9241001837
|r 2021-01-17 00:00:00
|t 1
|w 2021-01-17
|y BK15
|x 19991024 0 1
|x GrPaTEI
|
| 952 |
|
|
|0 0
|1 0
|2 ddc
|4 0
|6 920_720000000000000_ΗΜΕ
|7 0
|9 280744
|a LISK
|b LISK
|c BSC
|d 2021-01-17
|e 24
|f 0
|g 0.00
|l 0
|o 920.72 ΗΜΕ
|p 9241001838
|r 2021-01-17 00:00:00
|t 1
|w 2021-01-17
|y BK15
|x 19991024 0 1
|x GrPaTEI
|
| 952 |
|
|
|0 0
|1 0
|2 ddc
|4 0
|6 920_720000000000000_ΗΜΕ
|7 0
|9 280745
|a LISK
|b LISK
|c ALF
|d 2021-01-17
|e 24
|f 0
|g 0.00
|l 0
|o 920.72 ΗΜΕ
|p 9241001839
|r 2021-01-17 00:00:00
|t 1
|w 2021-01-17
|y BK15
|x 19991024 0 1
|x GrPaTEI
|
| 971 |
|
|
|a .b26477221
|b 16-04-20
|c 23-09-16
|
| 999 |
|
|
|c 163551
|d 163551
|